000 02454cam a2200433 i 4500
999 _c8839
_d8839
001 17684738
003 KD2079 SEA 2013
005 20210526095604.0
008 130404s2013 enk b 001 0 eng
010 _a 2013937055
020 _a9780199676446 (pbk.)
020 _a0199676445 (pbk.)
040 _aDLC
_beng
_cDLC
_erda
_dDLC
042 _apcc
043 _ae-uk---
050 0 0 _aKD2079
_b.S4 2013
100 1 _aSealy, L. S.,
_eauthor.
245 1 0 _aSealy and Worthington's cases and materials in company law /
_cLen Sealy, SJ Berwin Professor Emeritus of Corporate Law, University of Cambridge, Barrister and Solicitor (New Zealand); Sarah Worthington QC(hc), FBA, Downing Professor of the Laws of England, University of Cambridge, Academic Member, 3/4 South Square, Gray's Inn.
246 1 4 _aSealy & Worthington's cases and materials in company law
250 _aTenth edition.
264 1 _aOxford United Kingdom ;
_bOxford University Press,
_c[2013]
300 _alviii, 844 pages ;
_c25 cm
336 _atext
_2rdacontent
337 _aunmediated
_2rdamedia
338 _avolume
_2rdacarrier
500 _aIncludes bibliographical references and index.
504 _aIncludes bibliographical references and index.
505 0 _aThe company and its incorporation -- Corporate personality and limited liability -- Corporate activity and legal liability -- Shareholders as an organ of the company -- Corporate goverance -- The board of directors as an organ of the company -- Directors' duties -- Company auditors and promoters -- The raising of capital -- Distributions and capital maintenance -- Shares -- Borrowing, debentures, and charges -- Remedies for maladministration of the company -- Public disclosure, market regulation, and public investigations of companies -- Reconstructions, mergers, and takeovers -- Rescue and insolvency procedures.
600 _2company law
650 0 _aCorporation law
_zGreat Britain.
655 7 _aCasebooks (Law)
_2lcgft
700 1 _aWorthington, Sarah.,
_eauthor.
700 1 _aSealy, L. S.
_tCases and materials in company law.
775 0 8 _iRevision of:
_aSealy, L. S.
_tSealy's cases and materials in company law
_b9th ed.
_dOxford ; New York : Oxford University Press, c2010
906 _a7
_bcbc
_corigcop
_d2
_eepcn
_f20
_gy-gencatlg
942 _2lcc
_cBK
_e10th ed
_h2079
_iSEA
_kKD